| 000 | 00470nam a2200181Ia 4500 | ||
|---|---|---|---|
| 003 | GCL | ||
| 008 | 140319s9999 xx 000 0 eng d | ||
| 040 |
_aGCL / _cGCL |
||
| 082 | 0 | 4 |
_aCC _b932 _bL E |
| 100 | 1 | _aLAMY, LUCIE | |
| 245 | 1 | 0 |
_aEGYPTIAN MYSTERIES:NEW LIGHT ON ANCIENT KNOWLEDGE / _cLAMY, LUCIE |
| 260 |
_a[S.N] : _bTHAMES AND HUDSON ، _c1991 |
||
| 300 | _a96 | ||
| 650 | 0 | 4 | _aEGYPT |
| 650 | 0 | 4 | _aART- EGYPT |
| 650 | 0 | 4 | _aEGYPT - HISTORY |
| 942 |
_2ddc _cBK |
||
| 999 |
_c20184 _d20184 |
||